| 000 | 00631nam a22002177a 4500 | ||
|---|---|---|---|
| 003 | 0 | ||
| 005 | 20241122140944.0 | ||
| 008 | 241122b xxu||||| |||| 00| 0 eng d | ||
| 020 | _a9780729544283 | ||
| 050 |
_aRT 85 _b.J64 2023 |
||
| 100 |
_aJohnstone, Megan-Jane, _eauthor. |
||
| 245 |
_aBioethics : _ba nursing perspective / _cMegan-Jane Johnstone. |
||
| 250 | _a8th ed. | ||
| 260 |
_aChatswood, NSW : _bElsevier, _c2023. |
||
| 300 |
_axvi, 408 p. ; _c24 cm. |
||
| 504 | _aIncludes bibliographical references and index. | ||
| 650 | _aBioethics. | ||
| 650 | _aMedical ethics. | ||
| 650 | _aNursing ethics. | ||
| 942 |
_2lcc _cBK |
||
| 999 |
_c366802 _d366802 |
||